Estadísticas para Resultados de la Copa Mundial de Fútbol de 1966

Haz click aquí para tomar la prueba!

Estadísticas generales

  • Esta prueba ha sido tomada 17 veces
  • La puntuación promedio es 13 de 16

Estadísticas de respuestas

Nation % Correcto
Argentina
100%
Inglaterra
100%
Alemania Occidental
93%
Hungría
93%
Italia
93%
México
93%
Unión Soviética
93%
Brasil
86%
España
86%
Francia
86%
Portugal
86%
Chile
71%
Corea del Norte
71%
Uruguay
64%
Bulgaria
50%
Suiza
50%

Distribución de puntuación

Porcentaje por número respondido

Porcentaje de gente con cada puntuación

Historial de tus puntuaciones

No has tomado esta prueba